[Event "Coimbra op"]
[White "Lopes, Jose Manuel Sousa"]
[Black "Oliveira, Alice"]
[Site "Coimbra"]
[Round "7"]
[Result "1-0"]
[Date "2014.04.27"]
[WhiteElo "1751"]
[BlackElo "1489"]
[PlyCount "179"]
[EventDate "2014.04.25"]
[EventType "swiss"]
[EventRounds "7"]
[EventCountry "POR"]
[SourceTitle "CBM 160 Extra"]
[Source "ChessBase"]
[SourceDate "2014.07.01"]
[SourceVersion "1"]
[SourceVersionDate "2014.07.01"]
[SourceQuality "1"]

1. d4 Nf6 2. c4 g6 3. Nc3 Bg7 4. Nf3 0-0 5. e4 d6 6. Be2 Nbd7 7. 0-0 e5 8. dxe5 dxe5 9. h3 c6 10. Qc2 Qc7 11. Be3 Re8 12. Rab1 Nf8 13. b4 Bd7 14. Rfd1 Ne6 15. Bf1 Nh5 16. b5 Nhf4 17. b6 axb6 18. Rxb6 Rad8 19. Rbb1 Ra8 20. Bb6 Qc8 21. Qd2 Nf8 22. a4 Bh6 23. Qd6 Re6 24. Qc7 Re8 25. Qxc8 Bxc8 26. a5 Bg7 27. Na4 f5 28. Nd2 fxe4 29. Nxe4 Bf5 30. Nac5 Re7 31. Rb2 Nd7 32. Nxd7 Bxd7 33. Rbd2 Bf5 34. Nd6 Be6 35. Ne4 Bh6 36. Rd6 Bf5 37. f3 Bg7 38. Rd8+ Rxd8 39. Rxd8+ Kf7 40. Ng5+ Kf6 41. Nxh7+ Kf7 42. Ng5+ Kf6 43. Ne4+ Bxe4 44. fxe4 Ne6 45. Rd6 Kf7 46. Bd8 Nxd8 47. Rxd8 Bf6 48. Rd3 Ke8 49. Ra3 Rd7 50. a6 bxa6 51. Rxa6 Rc7 52. Be2 Kf7 53. Bg4 Bg5 54. Kf2 Ke7 55. g3 Kd6 56. Ra8 Rf7+ 57. Ke2 Bf6 58. Rg8 Rg7 59. Rf8 Be7 60. Ra8 g5 61. Bf5 Kc5 62. Kd3 Kd6 63. Ra7 Bf6 64. Rxg7 Bxg7 65. Ke3 Kc5 66. Be6 Kd6 67. Bg8 Bf6 68. Kf3 c5 69. Kg4 Be7 70. h4 gxh4 71. gxh4 Bf6 72. h5 Bg7 73. Kf5 Ke7 74. Kg6 Kf8 75. Bd5 Bh8 76. Bc6 Ke7 77. Kh7 Bf6 78. Kg8 Bg5 79. Kg7 Bf6+ 80. Kg6 Bh8 81. h6 Bf6 82. Bd5 Bh8 83. Kh7 Bf6 84. Kg8 Ke8 85. h7 Ke7 86. h8Q Bxh8 87. Kxh8 Kf6 88. Kg8 Ke7 89. Kg7 Kd6 90. Kf6 1-0